<?xml version="1.0" encoding="UTF-8"?>
<collection xmlns="http://www.loc.gov/MARC21/slim">
 <record>
  <leader>01821nam a22002417a 4500</leader>
  <controlfield tag="001">NCT_40600</controlfield>
  <controlfield tag="008">180609b        xxu||||| |||| 00| 0 vie d</controlfield>
  <datafield tag="999" ind1=" " ind2=" ">
   <subfield code="c">1951</subfield>
   <subfield code="d">1951</subfield>
  </datafield>
  <datafield tag="020" ind1=" " ind2=" ">
   <subfield code="a">9786046503552</subfield>
   <subfield code="c">59000</subfield>
  </datafield>
  <datafield tag="082" ind1="0" ind2="4">
   <subfield code="2">23rd ed.</subfield>
   <subfield code="a">659.2</subfield>
   <subfield code="b">Ph561</subfield>
  </datafield>
  <datafield tag="100" ind1="1" ind2=" ">
   <subfield code="a">Hoàng Xuân Phương</subfield>
  </datafield>
  <datafield tag="245" ind1="1" ind2="0">
   <subfield code="a">Phong cách PR chuyên nghiệp</subfield>
   <subfield code="c">Hoàng Xuân Phương, Nguyễn Thị Ngọc Châu</subfield>
  </datafield>
  <datafield tag="260" ind1=" " ind2=" ">
   <subfield code="a">H.</subfield>
   <subfield code="b">Lao động - Xã hội</subfield>
   <subfield code="c">2015</subfield>
  </datafield>
  <datafield tag="300" ind1=" " ind2=" ">
   <subfield code="a">227 tr.</subfield>
   <subfield code="b">hình ảnh, bảng</subfield>
   <subfield code="c">21 cm</subfield>
  </datafield>
  <datafield tag="520" ind1="3" ind2=" ">
   <subfield code="a">Cuốn sách này đi sâu vào quy trình làm việc của một chuyên viên PR trong môi trường kinh doanh thực tế. Cung cấp cho độc giả những phương pháp, những hướng dẫn cụ thể, đọc xong quyển sách này ít nhiều khi đặt bút xuống viết một TCBC, bạn sẽ biết bắt đầu từ đâu. Khi muốn tiếp xúc với một phóng viên, bạn sẽ biết mình nên làm gì đầu tiên.</subfield>
  </datafield>
  <datafield tag="653" ind1=" " ind2=" ">
   <subfield code="a">Quan hệ công chúng</subfield>
  </datafield>
  <datafield tag="700" ind1=" " ind2=" ">
   <subfield code="a">Nguyễn Thị Ngọc Châu</subfield>
  </datafield>
  <datafield tag="942" ind1=" " ind2=" ">
   <subfield code="2">ddc</subfield>
   <subfield code="c">BK</subfield>
  </datafield>
  <datafield tag="952" ind1=" " ind2=" ">
   <subfield code="0">0</subfield>
   <subfield code="1">0</subfield>
   <subfield code="2">ddc</subfield>
   <subfield code="4">0</subfield>
   <subfield code="6">659_200000000000000_PH561</subfield>
   <subfield code="7">0</subfield>
   <subfield code="9">10250</subfield>
   <subfield code="a">000001</subfield>
   <subfield code="b">000001</subfield>
   <subfield code="d">2018-06-09</subfield>
   <subfield code="o">659.2 Ph561</subfield>
   <subfield code="p">MD.08100</subfield>
   <subfield code="r">2018-06-09</subfield>
   <subfield code="v">59000.00</subfield>
   <subfield code="w">2018-06-09</subfield>
   <subfield code="y">BK</subfield>
  </datafield>
  <datafield tag="952" ind1=" " ind2=" ">
   <subfield code="0">0</subfield>
   <subfield code="1">0</subfield>
   <subfield code="2">ddc</subfield>
   <subfield code="4">0</subfield>
   <subfield code="6">659_200000000000000_PH561</subfield>
   <subfield code="7">0</subfield>
   <subfield code="9">10251</subfield>
   <subfield code="a">000001</subfield>
   <subfield code="b">000001</subfield>
   <subfield code="d">2018-06-09</subfield>
   <subfield code="o">659.2 Ph561</subfield>
   <subfield code="p">MD.08103</subfield>
   <subfield code="r">2018-06-09</subfield>
   <subfield code="v">59000.00</subfield>
   <subfield code="w">2018-06-09</subfield>
   <subfield code="y">BK</subfield>
  </datafield>
  <datafield tag="952" ind1=" " ind2=" ">
   <subfield code="0">0</subfield>
   <subfield code="1">0</subfield>
   <subfield code="2">ddc</subfield>
   <subfield code="4">0</subfield>
   <subfield code="6">659_200000000000000_PH561</subfield>
   <subfield code="7">0</subfield>
   <subfield code="9">10252</subfield>
   <subfield code="a">000001</subfield>
   <subfield code="b">000001</subfield>
   <subfield code="d">2018-06-09</subfield>
   <subfield code="o">659.2 Ph561</subfield>
   <subfield code="p">MD.08109</subfield>
   <subfield code="r">2018-06-09</subfield>
   <subfield code="v">59000.00</subfield>
   <subfield code="w">2018-06-09</subfield>
   <subfield code="y">BK</subfield>
  </datafield>
  <datafield tag="952" ind1=" " ind2=" ">
   <subfield code="0">0</subfield>
   <subfield code="1">0</subfield>
   <subfield code="2">ddc</subfield>
   <subfield code="4">0</subfield>
   <subfield code="6">659_200000000000000_PH561</subfield>
   <subfield code="7">0</subfield>
   <subfield code="9">10253</subfield>
   <subfield code="a">000001</subfield>
   <subfield code="b">000001</subfield>
   <subfield code="d">2018-06-09</subfield>
   <subfield code="o">659.2 Ph561</subfield>
   <subfield code="p">MD.08106</subfield>
   <subfield code="r">2018-06-09</subfield>
   <subfield code="v">59000.00</subfield>
   <subfield code="w">2018-06-09</subfield>
   <subfield code="y">BK</subfield>
  </datafield>
  <datafield tag="980" ind1=" " ind2=" ">
   <subfield code="a">Thư viện Trường Đại học Nam Cần Thơ</subfield>
  </datafield>
 </record>
</collection>
